El romanticismo

Αποθηκεύτηκε σε:
Λεπτομέρειες βιβλιογραφικής εγγραφής
Κύριος συγγραφέας: Honour, Hugh (Συγγραφέας)
Μορφή: Βιβλίο
Γλώσσα:Ισπανικά
Έκδοση: Madrid Alianza 1981
Σειρά:Alianza Forma, 20
Θέματα:
Ετικέτες: Προσθήκη ετικέτας
Δεν υπάρχουν, Καταχωρήστε ετικέτα πρώτοι!

MARC

LEADER 00000nam a2200000 a 4500
001 UCG4497
003 CL-VaPUC
008 101104e19810000SP |||||||||||||||||spa|d
020 |a 8420670200 
082 0 4 |a 709.0342  |b HON  |2 21 
100 |a Honour, Hugh  |e author  |9 553801 
245 1 3 |a El romanticismo 
300 |a 446 p 
942 |c BK 
945 |d 20101104 00:00:00  |a mfarfan 
260 |a Madrid  |b Alianza  |c 1981 
650 0 |a Romanticismo   |9 266698 
650 0 |a Arte  |9 265238 
583 |a last modification  |c 20101104 00:00:00  |k Rodrigo Vera 
490 0 |a Alianza Forma, 20 
999 |c 343199  |d 343197 
952 |0 0  |1 0  |4 0  |6 709_034200000000000_HON_1981  |7 0  |8 A  |9 440296  |a BIBHIS  |b BIBHIS  |d 2019-11-22  |i 473078K  |l 2  |o 709.0342 HON 1981  |p 473078K  |r 2025-01-20  |s 2024-10-10  |w 2019-11-22  |y BK  |k HIS